000
00293nam a22001337a 4500
008
170510b xxu||||| |||| 00| 0 eng d
020
_a
9780735578272
041
_a
eng
080
_2
3 ED
_a
342
100
_a
15
101
_a
SHJ
245
_a
ADMINISTRATIV LAW
_c
FUNK.W.F
942
_2
udc
_c
BK
999
_c
13040
_d
13040